Teoría de la creación en el arte

Furkejuvvon:
Bibliográfalaš dieđut
Váldodahkki: Salabert, Pere (Dahkki)
Materiálatiipa: Girji
Giella:espánnjágiella
Almmustuhtton: Madrid Akal 2013
Preanttus:1a. ed
Ráidu:Arte y Estética, 82
Fáttát:
Fáddágilkorat: Lasit fáddágilkoriid
Eai fáddágilkorat, Lasit vuosttaš fáddágilkora!

MARC

LEADER 00000cam a2200000 a 4500
001 UCC2027
003 CL-VaPUC
008 171230e20130000sp |||||||||||||||||spa|d
020 |a 9788446036654 
082 0 4 |a 701.17  |b SAL  |2 21 
100 0 |a Salabert, Pere  |e author  |9 596182 
245 1 0 |a Teoría de la creación en el arte 
250 |a 1a. ed 
300 |a 249 p 
942 |c BK 
945 |d 20171230 00:11:00  |a dcastane 
260 |a Madrid  |b Akal  |c 2013 
650 0 |a Bellas artes  |9 334299 
650 0 |a Estética   |9 264950 
650 0 |a Psicología del arte  |9 265264 
650 0 |a Creación artística   |9 266215 
583 |a last modification  |c 20171230 00:11:00  |k Rodrigo Vera 
490 0 |a Arte y Estética, 82 
999 |c 370347  |d 370345 
952 |0 0  |1 0  |3 erb  |4 0  |6 701_170000000000000_SAL_2013  |7 0  |8 ?  |9 486748  |a BIBEDU  |b BIBEDU  |i 5444519  |o 701.17 SAL 2013  |p 5444519  |r 2023-01-12  |w 2019-11-24  |y BK  |z Catalogado en:20171230  |k MUS